<?xml version="1.0" encoding="UTF-8"?>
<record
    xmlns:xsi="http://www.w3.org/2001/XMLSchema-instance"
    xsi:schemaLocation="http://www.loc.gov/MARC21/slim http://www.loc.gov/standards/marcxml/schema/MARC21slim.xsd"
    xmlns="http://www.loc.gov/MARC21/slim">

  <leader>01246nam a2200241 a 4500</leader>
  <controlfield tag="001">BRCA_6342</controlfield>
  <controlfield tag="005">20190321142923.0</controlfield>
  <controlfield tag="008">180811s1920----fr-a######---#000-0#fre-#</controlfield>
  <datafield tag="041" ind1=" " ind2=" ">
    <subfield code="a">fre</subfield>
  </datafield>
  <datafield tag="044" ind1=" " ind2=" ">
    <subfield code="a">fr</subfield>
  </datafield>
  <datafield tag="050" ind1=" " ind2="4">
    <subfield code="b">.E34 1920?</subfield>
  </datafield>
  <datafield tag="100" ind1="1" ind2=" ">
    <subfield code="a">Eigeman, Y. M. J.</subfield>
    <subfield code="9">15901</subfield>
  </datafield>
  <datafield tag="245" ind1="1" ind2="0">
    <subfield code="a">Litograf&#xED;as</subfield>
    <subfield code="b">serie caricaturana</subfield>
    <subfield code="c">Y. M. J. Eigeman ; Lith de Michel Petit.</subfield>
  </datafield>
  <datafield tag="260" ind1=" " ind2=" ">
    <subfield code="a">Par&#xED;s, Francia</subfield>
    <subfield code="b">A Pontin et Comp.</subfield>
    <subfield code="c">[1920?]</subfield>
  </datafield>
  <datafield tag="300" ind1=" " ind2=" ">
    <subfield code="a">8 litograf&#xED;as</subfield>
  </datafield>
  <datafield tag="500" ind1=" " ind2=" ">
    <subfield code="a">CC13</subfield>
  </datafield>
  <datafield tag="505" ind1="0" ind2=" ">
    <subfield code="a">Contenido: Caricaturana I. N&#xBA; asignado por Franz Mayer W69, 25 cm. -- Caricaturana II. N&#xBA; asignado por Franz Mayer W63, 32 cm. -- Caricaturana IIII. N&#xBA; asignado por Franz Mayer W64, 33 cm. -- Caricaturana VIII. N&#xBA; asignado por Franz Mayer W65, 33 cm. -- Caricaturana IX. titulada: L&#xB4; agent de change, apres la Bourse, N&#xBA; asignado por Franz Mayer W66, 40 cm. -- Caricaturana X. S/N asignado, 40 cm. -- Caricaturana XI. titulada: Le Bonjowien, N&#xBA; asignado por Franz Mayer W67, 40 cm. -- Caricaturana XVIII. N&#xBA; asignado por Franz Mayer W68, (rota por la mitad, pegada con cinta adhesiva), 38 cm.</subfield>
  </datafield>
  <datafield tag="650" ind1="1" ind2="4">
    <subfield code="a">Litograf&#xED;as</subfield>
    <subfield code="z">Europa</subfield>
    <subfield code="9">15902</subfield>
  </datafield>
  <datafield tag="650" ind1="1" ind2="4">
    <subfield code="a">S&#xE1;tira visual</subfield>
    <subfield code="9">15903</subfield>
  </datafield>
  <datafield tag="700" ind1="1" ind2=" ">
    <subfield code="a">Petit, Michel</subfield>
    <subfield code="9">15904</subfield>
  </datafield>
  <datafield tag="902" ind1=" " ind2=" ">
    <subfield code="a">GFM</subfield>
  </datafield>
  <datafield tag="942" ind1=" " ind2=" ">
    <subfield code="2">lcc</subfield>
    <subfield code="c">B</subfield>
  </datafield>
  <datafield tag="999" ind1=" " ind2=" ">
    <subfield code="c">6028</subfield>
    <subfield code="d">6028</subfield>
  </datafield>
  <datafield tag="952" ind1=" " ind2=" ">
    <subfield code="0">0</subfield>
    <subfield code="1">0</subfield>
    <subfield code="4">0</subfield>
    <subfield code="7">0</subfield>
    <subfield code="a">BRCA</subfield>
    <subfield code="b">BRCA</subfield>
    <subfield code="d">2011-08-16</subfield>
    <subfield code="i">CC13</subfield>
    <subfield code="l">0</subfield>
    <subfield code="o">.E34 1920? (CC13)</subfield>
    <subfield code="p">6789</subfield>
    <subfield code="r">2019-03-22 00:00:00</subfield>
    <subfield code="w">2019-03-22</subfield>
    <subfield code="y">B</subfield>
  </datafield>
</record>
